Library Banner

Promise policy performance: two years of people's government 2008-2010/ (Record no. 100446)

MARC details
000 -LEADER
fixed length control field 00437nam a22001457a 4500
005 - DATE AND TIME OF LATEST TRANSACTION
control field 20171204122921.0
008 - FIXED-LENGTH DATA ELEMENTS--GENERAL INFORMATION
fixed length control field 171204b xxu||||| |||| 00| 0 eng d
020 ## - INTERNATIONAL STANDARD BOOK NUMBER
International Standard Book Number 9789695070017
040 ## - CATALOGING SOURCE
Transcribing agency PK-LaUMT
082 ## - DEWEY DECIMAL CLASSIFICATION NUMBER
Classification number PKAC 320.95491
Item number PRO-
245 ## - TITLE STATEMENT
Title Promise policy performance: two years of people's government 2008-2010/
260 ## - PUBLICATION, DISTRIBUTION, ETC. (IMPRINT)
Place of publication, distribution, etc Islamabad:
Name of publisher, distributor, etc Ministry of information and broadcasting,
Date of publication, distribution, etc 2010
300 ## - PHYSICAL DESCRIPTION
Extent 335 p.
942 ## - ADDED ENTRY ELEMENTS (KOHA)
Koha item type Books
Holdings
Withdrawn status Lost status Damaged status Home library Current library Date acquired Full call number Barcode Date last seen Price effective from Koha item type
      UMT Main Campus UMT Main Campus 2017-12-04 PKAC 320.95491 PRO- 116353 2017-12-04 2017-12-04 Books